[Event "ch-Southern FR Men"]
[Site "Armavir RUS"]
[Date "2011.03.16"]
[Round "5"]
[White "Lugovskoy,M"]
[Black "Lupik,M"]
[Result "0-1"]
[WhiteElo "2159"]
[BlackElo "2206"]

1.e4 c5 2.Nf3 d6 3.Bb5+ Bd7 4.Bxd7+ Nxd7 5.O-O Ngf6 6.Re1 e6 7.b3 Be7 8.Bb2 b5
9.d4 O-O 10.Nbd2 Qb6 11.c4 cxd4 12.Bxd4 Qb7 13.Qe2 a6 14.Rac1 Rac8 15.Red1 Rfd8
16.cxb5 axb5 17.a4 bxa4 18.bxa4 e5 19.Bc3 Nc5 20.Ba5 Re8 21.Qb5 Qxb5 22.axb5 Nfxe4
23.Nxe4 Nxe4 24.Nd2 Nc5 25.Rb1 Nb7 26.Nb3 f5 27.Bb4 Kf7 28.Ra1 Ra8 29.Ra6 Ke6
30.Rda1 Rab8 31.Rb6 Rec8 32.g3 Nd8 33.Raa6 Rxb6 34.Rxb6 Kd5 35.Na5 Rc1+ 36.Kg2 Rb1
37.Bd2 g5 38.Nb7 Ne6 39.Na5 Nd4 40.Rb7 Bd8 41.Rxh7 Bxa5 42.Bxa5 Rxb5 43.Bd8 g4
44.h3 gxh3+ 45.Rxh3 Ne6 46.Bf6 Rb2 47.Rh1 Rd2 48.Ra1 e4 49.Ra5+ Nc5 50.Bg5 Rc2
51.Be3 Ke6 52.Ra8 Nd3 53.Re8+ Kf7 54.Rd8 Ne5 55.Kf1 Ke7 56.Bg5+ Ke6 57.Re8+ Kf7
58.Re7+ Kg6 59.Be3 Kf6 60.Re8 Ng4 61.Bd4+ Kf7 62.Ra8 Rd2 63.Ra4 Nh2+ 64.Kg2 Nf3
65.Be3 Rd1 66.Ra8 d5 67.Ra7+ Ke6 68.Ra6+ Kd7 69.Ra7+ Kc6 70.Rf7 d4 71.Bf4 Rg1+
72.Kh3 Rh1+ 73.Kg2 Rh5 74.Re7 d3 75.Rc7+ Kb5 76.Rd7 Kc4 77.Kf1 Kc3 78.Rc7+ Kb3
79.Rb7+ Kc4 80.Rc7+ Kb5 81.Rb7+ Kc6 82.Rc7+ Kb6 83.Rd7 Rh1+ 84.Kg2 Rg1+ 85.Kh3 Rd1
86.Rd6+ Kb7 87.Rd7+ Kc8 88.Rd5 d2 89.Bxd2 Rxd2 90.Rxd2 Nxd2 91.g4 f4 92.g5 Kd7
93.Kg4 e3 94.fxe3 fxe3  0-1

[Event "ch-Southern FR Men"]
[Site "Armavir RUS"]
[Date "2011.03.18"]
[Round "7"]
[White "Perekrestov,Viktor"]
[Black "Bargandzhiya,Zaza"]
[Result "1-0"]
[WhiteElo "1884"]
[BlackElo "2079"]

1.e4 c5 2.Nf3 d6 3.Bb5+ Bd7 4.Bxd7+ Qxd7 5.O-O Nf6 6.d3 e6 7.c4 Nc6 8.Nc3 Be7
9.h3 O-O 10.Bg5 h6 11.Bh4 Rfd8 12.Qe2 Nh7 13.Bxe7 Qxe7 14.Rad1 Nd4 15.Nxd4 cxd4
16.Nb5 e5 17.f4 a6 18.Na3 Nf8 19.Nc2 Ne6 20.f5 Nf4 21.Qf3 g6 22.Nxd4 gxf5
23.Nxf5 Qf6 24.Kh2 Kh7 25.g3 Ne6 26.Nh4 Qg5 27.Qxf7+ Ng7 28.Nf5 Rg8 29.Nxg7 Rxg7
30.Qf5+ Kh8 31.Qxg5 Rxg5 32.Rf6 Rag8 33.Rxh6+  1-0

[Event "27th Budapest Spring Festival"]
[Site "Budapest HUN"]
[Date "2011.03.18"]
[Round "1"]
[White "Chen Yang"]
[Black "Carlstedt,J"]
[Result "1/2-1/2"]
[WhiteElo "2033"]
[BlackElo "2386"]

1.e4 c5 2.Nf3 d6 3.Bb5+ Bd7 4.Bxd7+ Qxd7 5.c4 e5 6.Nc3 Ne7 7.d3 Nbc6 8.O-O g6
9.Bg5 Bg7 10.Qd2 h6 11.Bxe7 Nxe7 12.Nd5 Nxd5 13.cxd5 O-O 14.Rfc1 f5 15.b4 fxe4
16.dxe4 cxb4 17.Qxb4 Rfc8 18.Nd2 Bf8 19.Nb3 Rxc1+ 20.Rxc1 Rc8 21.Rxc8 Qxc8
22.g3 Qc2 23.a4 b6 24.a5 Qb1+ 25.Kg2 bxa5 26.Qa4 Qc2 27.h4 Kf7 28.Qd7+ Be7
29.Qe6+ Kf8 30.Qxg6 Qxb3 31.Qf5+ Ke8  1/2-1/2

[Event "ch-Southern FR Men"]
[Site "Armavir RUS"]
[Date "2011.03.19"]
[Round "8"]
[White "Mavlyaveev,Vladimir"]
[Black "Chub,A"]
[Result "0-1"]
[WhiteElo "1803"]
[BlackElo "2094"]

1.e4 c5 2.Nf3 d6 3.Bb5+ Bd7 4.Bxd7+ Qxd7 5.O-O Nc6 6.c3 Nf6 7.Re1 e6 8.d4 cxd4
9.cxd4 d5 10.exd5 Nxd5 11.Ne5 Nxe5 12.dxe5 Be7 13.b3 O-O 14.Bb2 Rfd8 15.Nd2 Bb4
16.a3 Nc3 17.Qf3 Qxd2 18.Bxc3 Bxc3 19.Red1 Bxa1 20.Rxd2 Rxd2 21.h4 Bxe5 22.g4 Bd4
23.Qxb7 Rd8 24.Kf1 h6 25.g5 Bxf2 26.gxh6 Bxh4 27.h7+ Kh8 28.Qb4 Rf2+ 29.Ke1 Rh2+  0-1

[Event "UT Dallas GM Invitational"]
[Site "Richardson USA"]
[Date "2011.03.19"]
[Round "12"]
[White "Bojkov,D"]
[Black "Wang Puchen"]
[Result "1-0"]
[WhiteElo "2523"]
[BlackElo "2464"]

1.e4 c5 2.Nf3 d6 3.Bb5+ Bd7 4.Bxd7+ Qxd7 5.c4 Nf6 6.Nc3 g6 7.d4 cxd4 8.Nxd4 Bg7
9.f3 O-O 10.Be3 Nc6 11.O-O Rfc8 12.b3 Nxd4 13.Bxd4 Qd8 14.Kh1 Qa5 15.Rc1 Re8
16.Qd2 a6 17.Rfd1 Nd7 18.Bxg7 Kxg7 19.Qb2 Kg8 20.c5 Rac8 21.cxd6 e6 22.f4 Rc6
23.e5 Rec8 24.Ne4 Qd5 25.Nf2 Rxc1 26.Rxc1 Rc6 27.h3 g5 28.Rd1 Qc5 29.fxg5 Qe3
30.Ng4  1-0

[Event "Kiev Spring 2011"]
[Site "Kiev UKR"]
[Date "2011.03.20"]
[Round "2.18"]
[White "Kabachienko,A"]
[Black "Drobot,Sergey"]
[Result "1-0"]
[WhiteElo "2107"]
[BlackElo "1876"]

1.e4 c5 2.Nf3 d6 3.Bb5+ Bd7 4.Bxd7+ Qxd7 5.O-O Nc6 6.c3 g6 7.d4 cxd4 8.cxd4 Bg7
9.Nc3 e6 10.Bg5 Nge7 11.Qd2 O-O 12.Bh6 Rad8 13.Bxg7 Kxg7 14.d5 exd5 15.Nxd5 f6
16.Rac1 Rc8 17.Nf4 Rfd8 18.Rfd1 Ne5 19.Nd4 Rxc1 20.Rxc1 Rc8 21.Rxc8 Qxc8
22.Nfe6+ Kf7 23.Qh6 Qg8 24.Qh3 d5 25.Nc7 f5 26.exd5 h5 27.Qb3 Kf6 28.Qxb7 Qc8
29.Qxa7 Nxd5 30.Nxd5+ Kg5 31.h4+ Kh6 32.Qc7 Qxc7 33.Nxc7 Kg7 34.b4 Kf7 35.b5 Ke7
36.a4 Kd7 37.Nd5 Kc8 38.a5 Kb7 39.f4 Nd7 40.a6+  1-0

[Event "TCh-SUI 2011"]
[Site "Switzerland SUI"]
[Date "2011.03.20"]
[Round "2.6"]
[White "Vianin,P"]
[Black "Mohajerin,P"]
[Result "0-1"]
[WhiteElo "2207"]
[BlackElo "2421"]

1.e4 c5 2.Nf3 d6 3.Bb5+ Nc6 4.O-O Bd7 5.Re1 Nf6 6.c3 a6 7.Bxc6 Bxc6 8.d4 Bxe4
9.Nbd2 Bc6 10.Nc4 e6 11.Bg5 Be7 12.Bxf6 gxf6 13.Ne3 d5 14.Nh4 Qd7 15.Qh5 O-O-O
16.Qxf7 Rdf8 17.Qh5 Kb8 18.f4 Bd6 19.g3 Rhg8 20.Nhg2 Bc7 21.Rad1 e5 22.Rf1 exd4
23.cxd4 cxd4 24.Nc2 d3 25.Nb4 Bb5 26.Nxd3 Bb6+ 27.Kh1 d4 28.Rfe1 Re8 29.Nc5 Qc6
30.b4 d3 31.Rg1 Re2 32.Qxh7 Rd8 33.a4 Bc4 34.Rc1 d2 35.Rxc4 Re1 36.Nxa6+ bxa6
37.Rxc6 Rxg1+  0-1

[Event "5th Agzamov Mem"]
[Site "Tashkent UZB"]
[Date "2011.03.20"]
[Round "3"]
[White "Filippov,An UZB"]
[Black "Artemiev,V"]
[Result "1/2-1/2"]
[WhiteElo "2604"]
[BlackElo "2378"]

1.e4 c5 2.Nf3 d6 3.Bb5+ Bd7 4.Bxd7+ Qxd7 5.O-O Nc6 6.Re1 Nf6 7.c3 e6 8.d4 cxd4
9.cxd4 d5 10.e5 Ne4 11.Nbd2 Nxd2 12.Bxd2 Be7 13.Re3 O-O 14.Qe2 Rac8 15.a3 Rc7
16.Rf1 Rfc8 17.Rd3 Nd8 18.Ne1 f5 19.exf6 Bxf6 20.Bc3 Nf7 21.Re3 Nd6 22.Rxe6 Ne4
23.Rxe4 dxe4 24.Qxe4 Qc6 25.Qf5 Qd7 26.Qe4 Qc6 27.Qf5 Qd7 28.Qe4  1/2-1/2

[Event "FIDE Zonal 3.5 w 2011"]
[Site "Tianjin CHN"]
[Date "2011.03.20"]
[Round "1"]
[White "Lei,T"]
[Black "Ju Wenjun"]
[Result "0-1"]
[WhiteElo "2025"]
[BlackElo "2519"]

1.e4 c5 2.Nf3 d6 3.Bb5+ Nc6 4.Bxc6+ bxc6 5.O-O Bg4 6.d3 e6 7.c3 Nf6 8.Re1 Nd7
9.d4 Be7 10.Be3 cxd4 11.cxd4 O-O 12.Nbd2 c5 13.dxc5 Nxc5 14.Bxc5 dxc5 15.Qc2 Qc7
16.Rac1 Rac8 17.Re3 Rfd8 18.Rc3 Qb8 19.Rc4 e5 20.h3 Be6 21.Rc3 c4 22.a3 Rd3
23.Rxd3 cxd3 24.Qb1 Rd8 25.Rc3 h6 26.b4 Qb5 27.Rc7 Rd7 28.Rxd7 Bxd7 29.Qc1 a5
30.Qc7 axb4 31.axb4 Bxb4 32.Nc4 Be6 33.Qd8+ Kh7 34.Ne3 Bc5 35.Ng4 Bb4 36.Ne3 Bc3
37.g4 Qd7 38.Qb6 d2 39.Qb1 Qa4 40.Nd1 Ba5 41.Nxe5 Bb3 42.Nc6 Bxd1  0-1

[Event "ch-VIE Men"]
[Site "Da Lat VIE"]
[Date "2011.03.21"]
[Round "3.2"]
[White "Nguyen Van Hai"]
[Black "Nguyen Duc Hoa"]
[Result "1/2-1/2"]
[WhiteElo "2264"]
[BlackElo "2466"]

1.e4 c5 2.Nf3 d6 3.Bb5+ Bd7 4.Bxd7+ Qxd7 5.O-O Nf6 6.Re1 Nc6 7.c3 e6 8.d4 cxd4
9.cxd4 d5 10.e5 Ne4 11.Nbd2 Nxd2 12.Bxd2 Be7 13.Bc3 O-O 14.Qd3 a6 15.Rac1 Rac8
16.Rc2 Rc7 17.Rec1 Rfc8 18.Bd2 Na7 19.Kf1 Rxc2 20.Rxc2 Rxc2 21.Qxc2 Qb5+
22.Ke1 Nc6 23.a4 Qb6 24.Bc3 h6 25.h3 Bb4 26.Ke2 Qa5 27.Bxb4 Qxb4 28.Ke3 Na5
29.Qc8+ Kh7 30.Qc2+ g6 31.Nd2 Nc4+ 32.Nxc4 dxc4 33.h4 h5 34.Ke2 Kg7 35.f3 Kf8
36.g4 Ke8 37.a5 Kd7 38.Qd2 Qb5 39.Qc3 Kc6 40.Qa3 Qd5 41.Qa4+ Kc7 42.Ke3 b5
43.axb6+ Kxb6 44.Qb4+ Qb5 45.Qd6+ Ka5 46.Qa3+ Kb6 47.Qd6+ Ka5 48.Qa3+ Kb6
49.gxh5 gxh5 50.Qd6+ Ka5 51.Qa3+ Kb6 52.Qd6+ Ka5 53.Qa3+ Kb6 54.Qd6+  1/2-1/2

[Event "Kiev Spring 2011"]
[Site "Kiev UKR"]
[Date "2011.03.21"]
[Round "4.8"]
[White "Kabachienko,A"]
[Black "Ismaylov,Volodymyr"]
[Result "0-1"]
[WhiteElo "2107"]
[BlackElo "1985"]

1.e4 c5 2.Nf3 d6 3.Bb5+ Nd7 4.c3 g6 5.O-O Bg7 6.d4 cxd4 7.cxd4 a6 8.Bc4 b5
9.Bd5 Rb8 10.Re1 Nb6 11.Bc6+ Bd7 12.Bxd7+ Qxd7 13.Bg5 h6 14.Bh4 e6 15.Qd3 Ne7
16.Nbd2 O-O 17.Bg3 Rbc8 18.Qa3 Rfd8 19.Rac1 Ra8 20.Rc2 Nc6 21.e5 dxe5 22.dxe5 Bf8
23.Qb3 Na5 24.Ne4 Nxb3 25.Nf6+ Kg7 26.Nxd7 Nxd7 27.axb3 Nc5 28.Nd2 Rd3 29.f3 Nxb3
30.Ne4 Na5 31.Rc7 Nc4 32.Re2 Rad8 33.h4 a5 34.Rb7 Rb3 35.Rc2 a4 36.Nc3 Nxb2
37.Nxb5 a3 38.Rcc7 a2 39.Ra7 Rd1+ 40.Kh2 a1=Q  0-1

[Event "12th ch-EUR"]
[Site "Aix-les-Bains FRA"]
[Date "2011.03.22"]
[Round "1.72"]
[White "Favarel,A"]
[Black "Azarov,S"]
[Result "0-1"]
[WhiteElo "2267"]
[BlackElo "2615"]

1.e4 c5 2.Nf3 d6 3.Bb5+ Nd7 4.d4 cxd4 5.Qxd4 a6 6.Bxd7+ Bxd7 7.Nc3 Rc8 8.O-O e5
9.Qd3 h6 10.b3 Nf6 11.Bb2 Be7 12.a4 O-O 13.Nd2 b5 14.axb5 axb5 15.Ba3 Qb6
16.Bb4 Rfe8 17.Ra2 Bd8 18.Ne2 d5 19.Rfa1 dxe4 20.Nxe4 Nxe4 21.Qxe4 Qf6 22.Ng3 Bb6
23.c3 Be6 24.Kh1 Qf4 25.Ra6 Qxf2 26.Rf1 Qe3 27.Qb7 Rb8 28.Qc6 Qd2 29.Qxb5 Bd5
30.Qe2 Qxe2 31.Nxe2 Bxb3 32.Raa1 Bc4 33.Rfe1 Ra8 34.Ng3 Bd3  0-1

[Event "ch-VIE Men"]
[Site "Da Lat VIE"]
[Date "2011.03.22"]
[Round "4.3"]
[White "Nguyen Duc Hoa"]
[Black "Nguyen Huynh Minh Huy"]
[Result "0-1"]
[WhiteElo "2466"]
[BlackElo "2451"]

1.e4 c5 2.Nf3 d6 3.Bb5+ Nd7 4.O-O a6 5.Bxd7+ Bxd7 6.a4 Bg4 7.d3 e6 8.Nbd2 Nf6
9.h3 Bh5 10.Re1 d5 11.e5 Nd7 12.Nf1 Be7 13.a5 h6 14.Bd2 Qc7 15.g4 Bg6 16.Qe2 O-O
17.Ng3 c4 18.d4 Bxc2 19.Bxh6 Bd3 20.Qd2 gxh6 21.Qxh6 Rfe8 22.Nh5 Bf8 23.Qg5+ Bg6
24.Nf6+ Kg7 25.Nxe8+ Rxe8 26.h4 Be7 27.Qf4 Qd8 28.h5 Be4 29.Rxe4 dxe4 30.Qxe4 Nf8
31.Rc1 Qd5 32.Qf4 Nh7 33.g5 Qd8 34.Kh2 Bxg5 35.Nxg5 Nxg5 36.Rg1 Kh6 37.Rg4 Rg8
38.Kg3 Kh7 39.f3 Kh8 40.Kg2 Qe7 41.Qg3 Qd8 42.Qf4 Rg7 43.Qg3 Qg8 44.Qf4 Nh7
45.Kg3 Qf8 46.Qc1 Qb4 47.h6 Rxg4+ 48.fxg4 Qxa5 49.Qxc4 Qe1+ 50.Kg2 Qd2+  0-1

[Event "2nd Magic Valley IM"]
[Site "Rodatychi UKR"]
[Date "2011.03.22"]
[Round "3"]
[White "Sanduleac,V"]
[Black "Molnar,P SVK"]
[Result "1-0"]
[WhiteElo "2429"]
[BlackElo "2294"]

1.e4 c5 2.Nf3 d6 3.Bb5+ Bd7 4.Bxd7+ Qxd7 5.O-O Nc6 6.c3 Nf6 7.Qe2 e6 8.Rd1 Be7
9.d4 cxd4 10.cxd4 d5 11.e5 Ne4 12.Be3 O-O 13.Ne1 f6 14.f3 Ng5 15.Nd2 Nf7
16.f4 f5 17.Ndf3 Rac8 18.h3 Rc7 19.Nd3 b6 20.Kh2 Rfc8 21.Bd2 a5 22.Rg1 Kh8
23.g4 Nh6 24.Rg2 Bf8 25.Be1 Nd8 26.Rd1 Qa4 27.b3 Qb5 28.Bh4 Be7 29.Bg5 Ndf7
30.Bxe7 Rxe7 31.g5 Ng8 32.g6 Nfh6 33.gxh7 Kxh7 34.Ng5+ Kh8 35.Qh5 Qe8 36.Qxe8 Rexe8
37.Rdd2 Rc6 38.Rc2 Ne7 39.b4 Rc4 40.bxa5 Rxd4 41.axb6 Rxd3 42.Nxe6 g6 43.b7 Rb8
44.Rc7 Nhg8 45.a4 Ra3 46.Nc5 d4 47.Rd7 d3 48.Na6 Rxb7 49.Rxb7 Rxa4 50.Nb4 Kg7
51.Nxd3 Rd4 52.Nc5 Kf7 53.Rf2 Rc4 54.Rc7 Ke8 55.Ne6 Rxc7 56.Nxc7+ Kd7 57.Nb5 Nc6
58.Rd2+ Ke8 59.Nd4 Nce7 60.Ne6 Kf7 61.Ng5+ Ke8 62.Rd6 Kf8 63.Kg3 Kg7 64.Rd7 Kf8
65.Nh7+ Kf7 66.Kf3 Ke6 67.Ra7 Nd5 68.Nf8+  1-0

[Event "Zonal 2.3 Caribbean 2011"]
[Site "Santiago de los Caballeros DOM"]
[Date "2011.03.22"]
[Round "7"]
[White "Munoz,Li"]
[Black "Arenas,D"]
[Result "1-0"]
[WhiteElo "2401"]
[BlackElo "2420"]

1.e4 c5 2.Nf3 d6 3.Bb5+ Nd7 4.d4 Nf6 5.O-O a6 6.Bxd7+ Nxd7 7.Nc3 b6 8.Re1 e6
9.Bg5 Be7 10.Bxe7 Qxe7 11.Qd3 O-O 12.Rad1 Rd8 13.a4 Bb7 14.d5 e5 15.Nd2 Nf8
16.Nc4 Qc7 17.Qg3 Bc8 18.h4 Rb8 19.h5 Qe7 20.h6 g6 21.f4 f6 22.fxe5 fxe5
23.Rf1 Nd7 24.Qg4 b5 25.axb5 axb5 26.Nxd6 Nf8 27.Nxc8 Rbxc8 28.d6  1-0

[Event "FIDE Zonal 3.5 2011"]
[Site "Tianjin CHN"]
[Date "2011.03.22"]
[Round "3"]
[White "Wang Chen"]
[Black "Bu Xiangzhi"]
[Result "0-1"]
[WhiteElo "2435"]
[BlackElo "2677"]

1.e4 c5 2.Nf3 d6 3.Bb5+ Nc6 4.O-O Bd7 5.c3 Nf6 6.Re1 a6 7.Bxc6 Bxc6 8.d4 Bxe4
9.Bg5 Bd5 10.Nbd2 b5 11.c4 bxc4 12.dxc5 e6 13.Rc1 Rc8 14.cxd6 Bxd6 15.Qa4+ Qd7
16.Qxa6 O-O 17.Bxf6 gxf6 18.Nxc4 Bb4 19.Rf1 Bxf3 20.Nb6 Qd4 21.gxf3 Rxc1
22.Rxc1 Bc5 23.Rxc5 Qxc5 24.Nd7 Qg5+ 25.Kf1 Rd8 26.Qc6 Kg7 27.Ke2 Qf4  0-1

[Event "12th ch-EUR"]
[Site "Aix-les-Bains FRA"]
[Date "2011.03.23"]
[Round "2"]
[White "McShane,L"]
[Black "Sedlak,N"]
[Result "1/2-1/2"]
[WhiteElo "2683"]
[BlackElo "2556"]

1.e4 c5 2.Nf3 d6 3.Bb5+ Bd7 4.Bxd7+ Qxd7 5.O-O Nf6 6.Qe2 Nc6 7.Rd1 e6 8.d4 cxd4
9.Nxd4 Be7 10.c4 O-O 11.Nc3 Nxd4 12.Rxd4 Qc6 13.b3 a6 14.Bb2 Rfc8 15.Rad1 b5
16.cxb5 axb5 17.Rb4 Rab8 18.Kf1 Qa8 19.Rxb5 Rxb5 20.Nxb5 Nxe4 21.f3 Nf6 22.Nxd6 Rd8
23.Be5 Qa3 24.Ne4  1/2-1/2

[Event "Kiev Spring 2011"]
[Site "Kiev UKR"]
[Date "2011.03.23"]
[Round "6.17"]
[White "Kabachienko,A"]
[Black "Sheyin,A"]
[Result "1/2-1/2"]
[WhiteElo "2107"]
[BlackElo "1977"]

1.e4 c5 2.Nf3 d6 3.Bb5+ Bd7 4.Bxd7+ Qxd7 5.c4 Nc6 6.O-O Nf6 7.Nc3 e5 8.d3 Be7
9.a3 O-O 10.Rb1 a5 11.Nd5 Nxd5 12.cxd5 Nd4 13.b4 axb4 14.Nxd4 exd4 15.axb4 b6
16.Qb3 Qa4 17.Qxa4 Rxa4 18.bxc5 bxc5 19.Rb7 Re8 20.Bf4 Bf8 21.f3 Ra3 22.Rd1 Rd8
23.Kf2 f6 24.Ke2 g5 25.Bd2 Ra2 26.Rdb1 Rda8 27.R7b2 Rxb2 28.Rxb2 Ra1 29.Be1 h5
30.h3 Kf7 31.Rb5 Ra2+ 32.Bd2 Bh6 33.g4 h4 34.Ra5 Rb2 35.Kd1 Rb1+ 36.Bc1 Rb3
37.Ra3 Rb7 38.Kc2 Ke7 39.Bd2 Rd7 40.Ba5 Bf8 41.Bd2 Bh6 42.Ra8 Rd8 43.Ra6 Rd7
44.Ba5 Bf8 45.Ra8 Kf7 46.Ra6 Rb7 47.Bd2 Be7 48.f4 Rd7 49.Bc1 Rb7 50.Bd2  1/2-1/2

[Event "27th Budapest Spring Festival"]
[Site "Budapest HUN"]
[Date "2011.03.24"]
[Round "8"]
[White "Bea,B"]
[Black "Szalanczy,E"]
[Result "0-1"]
[WhiteElo "2109"]
[BlackElo "2269"]

1.e4 c5 2.Nf3 d6 3.Bb5+ Nd7 4.d4 Nf6 5.Nc3 cxd4 6.Qxd4 e5 7.Qd3 h6 8.O-O Be7
9.Be3 O-O 10.Bc4 Nb8 11.Nh4 d5 12.exd5 e4 13.Qd1 Ng4 14.Ng6 Bd6 15.Nf4 Bf5
16.h3 Nxe3 17.fxe3 Bh7 18.Qd4 Qe7 19.Rad1 Nd7 20.Nb5 Bc5 21.Qd2 Ne5 22.Be2 Rad8
23.d6 Qg5 24.b4 a6 25.bxc5 axb5 26.Qd5 Nd7 27.h4 Qxh4 28.Bxb5 Nf6 29.Qd2 Ng4
30.Rfe1 Bf5 31.Nh3 Qg3 32.Bc4 Ne5 33.Qf2 Qxf2+ 34.Nxf2 Nxc4 35.Rd4 Ne5 36.Nxe4 Nc6  0-1

[Event "27th Budapest Spring Festival"]
[Site "Budapest HUN"]
[Date "2011.03.24"]
[Round "8"]
[White "Lengyel,B"]
[Black "Bach,Mat"]
[Result "0-1"]
[WhiteElo "2296"]
[BlackElo "2290"]

1.e4 c5 2.Nf3 d6 3.Bb5+ Bd7 4.Bxd7+ Nxd7 5.O-O Ngf6 6.Qe2 e6 7.c3 Be7 8.d4 O-O
9.Rd1 cxd4 10.cxd4 d5 11.e5 Ne4 12.Ne1 f5 13.f3 Ng5 14.Nd3 Re8 15.Nc3 Nf7
16.Be3 Nb6 17.b3 Rc8 18.Bd2 Nd7 19.Nf2 Nb8 20.Be1 Nc6 21.Kf1 a6 22.g3 Qb6
23.Kg2 Nxd4 24.Qe3 Bc5 25.Qd2 Nc6 26.Na4 Qa7 27.Nxc5 Qxc5 28.Rac1 Qe7 29.f4 Na7
30.Nd3 b6 31.Bf2 Qb7 32.Kg1 Rxc1 33.Rxc1 Rc8 34.a4 a5 35.b4 Rxc1+ 36.Nxc1 axb4
37.Qxb4 Qc6 38.Ne2 Nc8 39.Nd4 Qd7 40.Nb5 Qc6 41.Nd4 Qd7 42.Nb5 Qc6 43.Nd4 Qd7
44.Be3 Nd8 45.Nb3 Qc7 46.Nd4 Qd7 47.Qb5 Qxb5 48.axb5 Kf7 49.Ne2 Nb7 50.Nc3 Na5
51.Kf2 Nc4 52.Bd4 Na7 53.Ke2 Ke7 54.Kd3 Kd7 55.Kc2 Na3+ 56.Kb3 N3xb5 57.Bxb6 Nxc3
58.Kxc3 Nb5+ 59.Kb4 Kc6 60.Bd8 Nc7 61.Be7 Na6+ 62.Ka5 Nc5 63.Kb4 Ne4 64.Bf8 g5
65.Bh6 g4  0-1

[Event "Zonal 2.3 Caribbean 2011"]
[Site "Santiago de los Caballeros DOM"]
[Date "2011.03.24"]
[Round "9"]
[White "Mazara,A"]
[Black "Barrientos,S"]
[Result "0-1"]
[WhiteElo "2298"]
[BlackElo "2499"]

1.e4 c5 2.Nf3 d6 3.Bb5+ Nc6 4.Bxc6+ bxc6 5.O-O e5 6.c3 f5 7.exf5 Nf6 8.d4 cxd4
9.cxd4 e4 10.Re1 Be7 11.Ng5 d5 12.f3 h6 13.Ne6 Bxe6 14.fxe6 O-O 15.Nc3 Bb4
16.fxe4 Nxe4 17.Qg4 Qf6 18.Be3 h5 19.Qh3 Nxc3 20.bxc3 Bxc3 21.Rf1 Bxa1 22.Rxf6 Rxf6
23.Bf2 Re8 24.Qxh5 Rexe6 25.h3 Bc3 26.Qd1 Re4 27.Qb3 Bd2 28.Qb8+ Kh7 29.Qxa7 Ref4
30.Bg3 Be3+ 31.Kh2 Rxd4 32.Qa3 Re4 33.Qd3 Rg6 34.Bc7 Bc5 35.Qd1 Kg8 36.a4 Rge6
37.Qc2 Rc4 38.Qf5 Rf6 39.Qc8+ Kh7 40.Qe8 Rg6 41.Qe2 Rxa4 42.Qh5+ Rh6 43.Qf5+ Kg8
44.Qc8+ Bf8 45.Bb6 Rc4 46.Be3 Rg6 47.Qe8 Rf6 48.Bg5 Re4 49.Qc8 Rfe6 50.h4 c5
51.Qd7 R6e5 52.g3 c4 53.Bf4 Rh5 54.g4 Rxf4 55.gxh5 Rxh4+ 56.Kg3 Rxh5 57.Qe6+ Kh7
58.Qf7 Bd6+ 59.Kg4 Re5 60.Qd7 Be7 61.Kf4 Bf6 62.Qc8 Kg6 63.Qb7 c3 64.Qb1+ Re4+
65.Kf3 Kf5 66.Qd3 Ke6 67.Qa6+ Ke5 68.Qc6 Rc4 69.Qe8+ Kd6 70.Qb8+ Ke7 71.Qb7+ Ke6
72.Qb6+ Kf5 73.Qd6 Rd4 74.Qd7+ Kg5 75.Qd6 Rd3+ 76.Ke2 Rd2+ 77.Kf3 Kh6 78.Qf4+ Bg5
79.Qf8 Rd3+ 80.Kg2 c2 81.Qh8+ Kg6 82.Qe8+ Kh7 83.Qh5+ Bh6 84.Qf5+ g6 85.Qd7+ Bg7
86.Qc7 Rc3 87.Qh2+ Bh6  0-1

[Event "12th ch-EUR"]
[Site "Aix-les-Bains FRA"]
[Date "2011.03.25"]
[Round "4.76"]
[White "Jones,G"]
[Black "Shirazi,K"]
[Result "1-0"]
[WhiteElo "2578"]
[BlackElo "2403"]

1.e4 c5 2.Nf3 d6 3.Bb5+ Nd7 4.d4 Nf6 5.O-O Nxe4 6.Re1 Nf6 7.dxc5 dxc5 8.Ng5 e6
9.Bc4 Be7 10.Bxe6 O-O 11.Qe2 Nb6 12.Bxc8 Nxc8 13.Nc3 h6 14.Nge4 Nxe4 15.Qxe4 Bf6
16.Qxb7 Bxc3 17.bxc3 Nb6 18.Be3 Qc8 19.Qe7 Na4 20.Qe4 Qa6 21.Qd3 Qc6 22.Rab1 Rab8
23.c4 Rfd8 24.Qa3 Rxb1 25.Rxb1 a6 26.h3 Rd6 27.Bf4 Rd4 28.Be5 Rxc4 29.Qg3 f6
30.Rb8+ Kf7 31.Qb3 Qe4 32.Rb7+ Kf8 33.Bd6+ Kg8 34.Re7 Qxc2 35.Qg3 Qd1+ 36.Kh2 g5
37.Bxc5 Rf4 38.Be3 Kf8 39.Ra7  1-0

[Event "Zonal 2.3 Caribbean 2011"]
[Site "Santiago de los Caballeros DOM"]
[Date "2011.03.25"]
[Round "11"]
[White "Mazara,A"]
[Black "Dominguez Perez,L"]
[Result "0-1"]
[WhiteElo "2298"]
[BlackElo "2716"]

1.e4 c5 2.Nf3 d6 3.Bb5+ Nd7 4.d4 a6 5.Bxd7+ Bxd7 6.d5 Nf6 7.O-O Nxe4 8.Re1 Nf6
9.Nbd2 g6 10.Nc4 Bb5 11.Nfd2 Bxc4 12.Nxc4 b5 13.Bg5 Bg7 14.Ne3 O-O 15.Ng4 h5
16.Nxf6+ exf6 17.Bf4 f5 18.c3 Qd7 19.a4 Rfe8 20.axb5 axb5 21.Rxe8+ Rxe8 22.Ra6 Be5
23.Bxe5 Rxe5 24.Qd2 Qe7 25.g3 Re1+ 26.Kg2 Qe4+ 27.Kh3 Re2 28.Qf4 Qxf4 29.gxf4 Rxb2
30.Rxd6 Rxf2 31.Rd8+ Kg7 32.Rc8 Rxf4 33.Rxc5 Rc4 34.Rxb5 Rxc3+ 35.Kg2 Kf6
36.Rb7 Rd3 37.Rd7 h4  0-1

[Event "12th ch-EUR"]
[Site "Aix-les-Bains FRA"]
[Date "2011.03.26"]
[Round "5"]
[White "Kobalia,M"]
[Black "Zhigalko,A"]
[Result "1/2-1/2"]
[WhiteElo "2672"]
[BlackElo "2571"]

1.e4 c5 2.Nf3 d6 3.Bb5+ Nd7 4.d4 cxd4 5.Qxd4 a6 6.Bxd7+ Bxd7 7.Nc3 e5 8.Qd3 h6
9.O-O Rc8 10.Rd1 Nf6 11.b3 Be7 12.Bb2 b5 13.Ne2 O-O 14.Ng3 Qc7 15.Rd2 Rfd8
16.Rad1 Qb7 17.Nh4 g6 18.h3 Bc6 19.Re1 Ne8 20.Nf3 h5 21.Qe3 Ng7 22.Ng5 Rd7
23.Kh1 Qa7 24.Qxa7 Rxa7 25.Nf3 a5 26.c3 b4 27.cxb4 axb4 28.Rc2 Ne6 29.Bc1 Raa8
30.h4 Nc5 31.Be3 Nxe4 32.Nxe4 Bxe4 33.Rxc8+ Rxc8 34.Bg5 Bxg5 35.Rxe4 Bf6
36.Rxb4 d5 37.a4 e4 38.Ng5 Rc1+ 39.Kh2 Be5+ 40.g3 Rc2 41.Kg1 f6 42.Ne6 Kf7
43.Nd4 Bxd4 44.Rxd4 Ke6 45.a5 Ra2 46.b4 Ke5 47.Rd1 d4 48.Rb1 d3 49.Kf1 e3
50.fxe3 Ke4 51.b5 Kf3 52.e4 Rh2 53.Kg1 Rc2 54.b6 d2 55.Rf1+ Kxe4 56.b7 Rc1
57.b8=Q Rxf1+ 58.Kxf1 d1=Q+ 59.Kg2 Qe2+  1/2-1/2

[Event "ch-NCA 2011"]
[Site "Managua NCA"]
[Date "2011.03.26"]
[Round "10.1"]
[White "Davila,C"]
[Black "Alfaro,W"]
[Result "0-1"]
[WhiteElo "2319"]
[BlackElo "2189"]

1.e4 c5 2.Nf3 d6 3.Bb5+ Bd7 4.Bxd7+ Qxd7 5.O-O Nc6 6.c3 Nf6 7.Re1 e6 8.d4 cxd4
9.cxd4 d5 10.e5 Ne4 11.Nbd2 Nxd2 12.Bxd2 Be7 13.Rc1 O-O 14.a3 Rfc8 15.Rc3 b5
16.Rd3 Qd8 17.h4 Bxh4 18.Nh2 Bg5 19.f4 Be7 20.Qh5 g6 21.Qh3 Bf8 22.Ng4 Bg7
23.f5 exf5 24.Nh6+ Bxh6 25.Bxh6 Qe7 26.Qg3 Nd8 27.Bg5 Qd7 28.Bf6 Ne6 29.Qe3 f4
30.Qh3 h5 31.g4 fxg3 32.Rxg3 Kh7 33.Rg5 Kh6 34.Kh1 Rc7 35.Rxh5+ gxh5 36.Qe3+ Nf4
37.Qxf4+ Kh7 38.e6 fxe6 39.Qf3 Qf7 40.Re5 Kg8 41.Rg5+ Kf8 42.Rg7 Rc1+ 43.Kh2 Rc2+
44.Kh3 Qxg7 45.Bxg7+ Kxg7 46.Qg3+ Kf7 47.Qb3 Re2 48.Qxb5 Re3+ 49.Kh4 Rg8
50.Qd7+ Kf6 51.Qxa7 Rg4+ 52.Kxh5 Rg7  0-1

[Event "Skopje Spring Open 2011"]
[Site "Skopje MKD"]
[Date "2011.03.26"]
[Round "8"]
[White "Organdziev,O"]
[Black "Krstevski,V"]
[Result "1/2-1/2"]
[WhiteElo "2331"]
[BlackElo "2131"]

1.e4 c5 2.Nf3 d6 3.Bb5+ Bd7 4.Bxd7+ Nxd7 5.O-O Ngf6 6.Re1 e6 7.c3 Be7 8.d4 cxd4
9.cxd4 O-O 10.Nc3 Qa5 11.h3 h6 12.Bf4 Rfd8 13.Qd2 Qh5 14.Bg3 a6 15.Qe2 d5
16.Rad1 Bb4 17.exd5 Nxd5 18.Rd3 Rac8 19.Nxd5 Qxd5 20.Ra1 Bd6 21.Bxd6 Qxd6
22.Rc3 Rc7 23.Rac1 Rdc8 24.g3 Rxc3 25.Rxc3 Rxc3 26.bxc3 b5 27.c4 bxc4 28.Qxc4 g6
29.h4 Kg7 30.Qe2 Qc6 31.Ne5 Nxe5 32.Qxe5+ Kg8 33.h5 gxh5 34.Qxh5 Qc1+ 35.Kg2 Qd2
36.Qg4+ Kf8 37.a3 Qa5 38.Qf3 Ke7 39.Qe3 Qd5+ 40.Kg1 h5 41.Qc3 a5 42.a4 Kf6
43.Qc7 Kg6 44.Qb6 Kf5 45.Qb1+ Kg4 46.Qd1+ Qf3 47.Qe1 Kh3 48.Qf1+ Kg4 49.Kh2 Kg5
50.Qe1 Qd5 51.Qe3+ Kg6 52.Qd3+ Kf6 53.Qe3 Kg6 54.Qf4 Qc4 55.Qe4+ Kh6 56.Qe5 Kg6
57.Qxa5 Qxd4 58.Kg2 Qe4+ 59.Kh2 h4 60.gxh4 Qxh4+ 61.Kg2 Qg4+ 62.Kf1  1/2-1/2

[Event "12th ch-EUR"]
[Site "Aix-les-Bains FRA"]
[Date "2011.03.27"]
[Round "6"]
[White "Jones,G"]
[Black "Bologan,V"]
[Result "1-0"]
[WhiteElo "2578"]
[BlackElo "2671"]

1.e4 c5 2.Nf3 d6 3.Bb5+ Nd7 4.d4 a6 5.Bxd7+ Bxd7 6.dxc5 dxc5 7.Nc3 e6 8.Bf4 Ne7
9.Ne5 Ng6 10.Qh5 Nxe5 11.Bxe5 h6 12.h4 Bc6 13.Rd1 Qa5 14.O-O c4 15.Nd5 exd5
16.exd5 Bd7 17.Bc3 Bb4 18.Bxg7 O-O-O 19.Bxh8 Rxh8 20.Qxf7 Rf8 21.Qg7 Qd8
22.Rd4 Bd6 23.Qxh6 Rf6 24.Qg5 b5 25.b3 Qh8 26.Re4 Rf5 27.Qe3 cxb3 28.Qb6 Qf6
29.Qxa6+ Kb8 30.Re6 Bh2+ 31.Kxh2 Qxh4+ 32.Kg1 Bxe6 33.Qb6+ Ka8 34.axb3  1-0

[Event "Angora Int 2011"]
[Site "Ankara TUR"]
[Date "2011.03.27"]
[Round "10"]
[White "Klinova,M"]
[Black "Dastan,B"]
[Result "1/2-1/2"]
[WhiteElo "2295"]
[BlackElo "2169"]

1.e4 c5 2.Nf3 d6 3.Bb5+ Nd7 4.O-O Nf6 5.Re1 a6 6.Bf1 b6 7.d4 cxd4 8.Nxd4 Bb7
9.c4 g6 10.Nc3 Bg7 11.f3 O-O 12.Be3 e6 13.Qd2 Ne5 14.b3 Re8 15.Rad1 Qc7 16.Rc1 Nfd7
17.Red1 f5 18.exf5 gxf5 19.Kh1 Rad8 20.Bh6 Nf6 21.Qg5  1/2-1/2

[Event "1st Gaudeamus Cup"]
[Site "Bucharest ROU"]
[Date "2011.03.27"]
[Round "5"]
[White "Matei,S"]
[Black "Constantin,Dr"]
[Result "0-1"]
[WhiteElo "1830"]
[BlackElo "2108"]

1.e4 c5 2.Nf3 d6 3.Bb5+ Nd7 4.O-O a6 5.Bxd7+ Bxd7 6.c4 e5 7.Nc3 f5 8.d3 f4
9.Nd5 Nf6 10.Qb3 b5 11.Re1 Be7 12.Nxe7 Qxe7 13.Bxf4 Bg4 14.Bg3 Bxf3 15.gxf3 b4
16.Kf1 O-O 17.Ke2 Qf7 18.Rg1 Nh5 19.Raf1 Qxf3+ 20.Ke1 Nf4 21.Bxf4 Rxf4 22.Qd1 Qh3
23.Qe2 Raf8 24.Rg3 Qxh2 25.Rfg1 g6 26.R1g2 Qh1+ 27.Rg1 Qh4 28.R1g2 Rxf2 29.Qg4 Qh1+
30.Rg1 Rf1+ 31.Kd2 R8f2+ 32.Ke3 Qh6+ 33.Qg5 Qxg5+ 34.Rxg5 Rxg1  0-1